Účinnosť medicínska aj ekonomická
Nedostatok vedomostí z teórie o štátnom dozore v rezorte zdravotníctva. Zásahy štátu s prihliadnutím na osobitosti zdravotníctva. Štátna zdravotná politika. Ekonomizácia zdravotníctva. Kompetenčné otázky a podnikateľská aktivita, neujasnenosť pojmov a koncepcie reformy.
Salvato in:
| Autore principale: | |
|---|---|
| Natura: | Capitolo di libro |
| Lingua: | slovacco |
| Soggetti: | |
| Tags: |
Nessun Tag, puoi essere il primo ad aggiungerne!!
|
MARC
| LEADER | 00000naa a2200000 4500 | ||
|---|---|---|---|
| 001 | r017218 | ||
| 005 | 20221213100005.3 | ||
| 041 | 0 | |a slo | |
| 044 | |a SK | ||
| 245 | 1 | 0 | |a Účinnosť medicínska aj ekonomická |c P. Kleskeň |
| 520 | |a Nedostatok vedomostí z teórie o štátnom dozore v rezorte zdravotníctva. Zásahy štátu s prihliadnutím na osobitosti zdravotníctva. Štátna zdravotná politika. Ekonomizácia zdravotníctva. Kompetenčné otázky a podnikateľská aktivita, neujasnenosť pojmov a koncepcie reformy. | ||
| 610 | 2 | 0 | |a Slovensko |
| 610 | 2 | 0 | |a 1995 |
| 610 | 2 | 0 | |a zdravotníctvo |
| 610 | 2 | 0 | |a poistenie nemocenské |
| 610 | 2 | 0 | |a ceny |
| 610 | 2 | 0 | |a podnikanie |
| 610 | 2 | 0 | |a zariadenia zdravotnícke |
| 610 | 2 | 0 | |a účinnosť ekonomická |
| 610 | 2 | 0 | |a dozor štátny |
| 100 | 1 | |a Kleskeň, Peter | |